| 000 | 01403cam a2200313 a 4500 | ||
|---|---|---|---|
| 005 | 20260322212052.0 | ||
| 008 | data | ||
| 010 | _a 2004052637 | ||
| 020 | _a0071408223 | ||
| 020 | _a9780071408226 | ||
| 040 |
_aDLC _cDLC _dDLC |
||
| 050 | 0 | 0 |
_aPE1629 _b.L47 2004 |
| 082 | 0 | 0 |
_a423/.17 _222 |
| 092 | _a423 Goo 2004 | ||
| 245 | 0 | 0 |
_aLet's learn English picture dictionary / _cedited by Marlene Goodman & Passport Books. |
| 246 | 3 | 0 | _aEnglish picture dictionary |
| 260 |
_aChicago, Ill. : _bMcGraw-Hill, _c[2004] |
||
| 300 |
_a32 p. : _bcol. ill., map ; _c32 cm. |
||
| 500 | _aIncludes index. | ||
| 650 | 0 |
_aPicture dictionaries, English _vJuvenile literature. |
|
| 700 | 1 |
_aGoodman, Marlene, _eill. |
|
| 710 | 2 | _aPassport Books. | |
| 856 | 4 | 2 |
_3Publisher description _uhttp://www.loc.gov/catdir/description/mh051/2004052637.html |
| 856 | 4 | 2 |
_3Contributor biographical information _uhttp://www.loc.gov/catdir/enhancements/fy0737/2004052637-b.html |
| 906 |
_a7 _bcbc _corignew _d1 _eocip _f20 _gy-gencatlg |
||
| 925 | 0 |
_aacquire _b1 shelf copies _xpolicy default |
|
| 955 |
_dlh06 2004-06-07 _elh36 2004-06-08 to Dewey _flg13 2006-07-19 to SL; _glg13 2006-07-19 to BCCD |
||
| 001 | data | ||
| 999 |
_c1240 _d1240 |
||